000
00286nam a22001217a 4500
999
_c
13771
_d
13771
020
_a
9788129109897
082
_a
954.2
100
_a
Ravi Bhatt
245
_a
The Life and Times of the Nawabs of Lucknow
260
_a
India
_b
Rupa Publications
_c
2000
300
_a
246 pages
942
_c
BK